000 00988nam a22002417a 4500
999 _c16820
_d16820
003 AR-CdUCM
008 190506b ||||| |||| 00| 0 spa d
040 _aMUNICIPALIDAD PROVINCIAL DEL CUSCO
_cBIBLIOTECA MUNICIPAL DEL CUSCO
041 _heng
082 _24ed.
_a610 .73 /
_bM26
100 _aMarshall, Susanna
_936500
245 _aManual de enfermería :
_bOtorrinolaringologia /
260 _aMéxico :
_bContinental,
_c1967.
300 _a296 paginas ;
_bIlustraciones,
_c19 cm.
500 _aTitulo original : Ear, nose and throat nursing
505 _aContenido : Anatomía general, fisiología e higiene personal -- Técnicas de enfermería -- La nariz y los senos accesorios -- Enfermedades de la nariz -- La faringe...
650 _aEl cuerpo Humano
_933611
650 _aEnfermedades en el cuerpo humano
_936501
650 _aTécnicas de enfermería
_936502
700 _aMena Calvet, Manuel de (Traducción)
_936503
942 _2ddc
_cLIBROS
945 _awnts
_d2019-05-6